Capitais por Fotos - Statistics

Estatísticas Gerais
  • Esse quiz foi jogado 124 vezes
  • A pontuação média é 9 de 16
Estatísticas das Respostas
Imagem Resposta % Correto
paris
100%
londres
96%
toquio
87%
brasilia
81%
washington
81%
roma
76%
madrid
63%
havana
56%
buenos aires
54%
jerusalem
50%
nova delhi
39%
bogota
34%
viena
34%
ancara
33%
cidade do mexico
31%
ottawa
30%
Nenhum quiz correspondente encontrado
Distribuição das Pontuações
Porcentagem de Pessoas com Cada Pontuação
Percentil de Números Respondidos
Sua Pontuação Histórica
Você não jogou esse quiz